Letter to the Galatians (Record no. 7799)

MARC details
000 -LEADER
fixed length control field 00567nam a2200229 a 4500
020 ## - INTERNATIONAL STANDARD BOOK NUMBER
ISBN
082 00 - DEWEY DECIMAL CLASSIFICATION NUMBER
Classification number 227.4
Author Cutter BAR
100 ## - MAIN ENTRY--AUTHOR NAME
Author name Barclay, William
245 ## - TITLE STATEMENT
Title Letter to the Galatians
260 ## - PUBLICATION, DISTRIBUTION, ETC. (IMPRINT)
Place of publication Edinburgh
Name of publisher St. Andrews Press
Year of publication 1975
300 ## - PHYSICAL DESCRIPTION
Number of Pages 219p
500 ## - GENERAL NOTE
General note includes index and biblioraphy
650 ## - SUBJECT ADDED ENTRY--TOPICAL TERM
Topical Term Bible N.T. Epistles Galatians
942 ## - ADDED ENTRY ELEMENTS (KOHA)
Koha item type Books
700 1# -
-- Barclay, William
Holdings
Collection code Home library Current library Date acquired Cost, normal purchase price Full call number Accession Number Koha item type
  Henry Martyn Institute Library Henry Martyn Institute Library 06/25/2007 100.00 227.4 BAR 010736 Books
                   Copyright © 2026 | Henry Martyn Institute | Hyderabad | TS-500052 | INDIA | Implemented by hmi.edu.in
Hit-Count:

Powered by Koha